[Event "SRB-chT3 Liga Nord CS"]
[Site "Serbia"]
[Date "2011.09.18"]
[Round "2.6"]
[White "Gavrilovic, Sasa"]
[Black "Kosic, Ljubisa"]
[Result "1-0"]
[WhiteElo "2170"]
[BlackElo "1971"]
[PlyCount "59"]
[EventDate "2011.09.11"]
[EventType "team"]
[EventRounds "11"]
[EventCountry "SRB"]
[SourceTitle "EXT 2015"]
[Source "ChessBase"]
[SourceDate "2014.11.20"]
[SourceVersion "1"]
[SourceVersionDate "2014.11.20"]
[SourceQuality "1"]

1. e4 c5 2. Nf3 d6 3. Bb5+ Nc6 4. 0-0 Nf6 5. Re1 e5 6. c3 a6 7. Bxc6+ bxc6 8. d4 cxd4 9. cxd4 Qc7 10. Nbd2 Bg4 11. Qa4 Nd7 12. h3 Nb6 13. Qa5 Bxf3 14. Nxf3 f6 15. dxe5 fxe5 16. Be3 Nd5 17. Qa4 Nb6 18. Qb3 Rb8 19. Rac1 Nc8 20. Rxc6 Rxb3 21. Rxc7 Rb8 22. Rec1 Ne7 23. b3 Ra8 24. Rb7 Nc8 25. Rcc7 Be7 26. Bg5 Bf8 27. Nh4 Rg8 28. Nf5 h6 29. Be7 g6 30. Rxc8+ 1-0

[Event "Belgrade Trophy 23rd"]
[Site "Obrenovac"]
[Date "2010.11.29"]
[Round "6"]
[White "Manojlovic, Selimir"]
[Black "Kosic, Ljubisa"]
[Result "1-0"]
[WhiteElo "2114"]
[BlackElo "1946"]
[PlyCount "113"]
[EventDate "2010.11.24"]
[EventType "swiss"]
[EventRounds "9"]
[EventCountry "YUG"]
[SourceTitle "CBM 139 Extra"]
[Source "ChessBase"]
[SourceDate "2011.01.05"]
[SourceVersion "1"]
[SourceVersionDate "2011.01.05"]
[SourceQuality "1"]

1. d4 Nf6 2. Bg5 Ne4 3. Bf4 c5 4. f3 Qa5+ 5. c3 Nf6 6. Bd2 cxd4 7. cxd4 Qb6 8. Bc3 d5 9. e3 e6 10. Bd3 Be7 11. Nd2 Nc6 12. f4 h5 13. h3 h4 14. Ngf3 Nh5 15. 0-0 Bd7 16. Ne5 Nxe5 17. fxe5 Ng3 18. Re1 0-0-0 19. a4 Kb8 20. b4 Rc8 21. Qb3 f5 22. exf6 gxf6 23. b5 Qd6 24. Bb2 Qc7 25. a5 Qd8 26. Rec1 Qg8 27. Ba3 Qg7 28. Rxc8+ Bxc8 29. Qd1 Bxa3 30. Rxa3 e5 31. dxe5 fxe5 32. e4 Bxh3 33. Bf1 Rf8 34. Rf3 Nxf1 35. Rxf8+ Qxf8 36. Qxf1 Qxf1+ 37. Kxf1 Bd7 38. b6 axb6 39. axb6 dxe4 40. Nxe4 Bb5+ 41. Kf2 Kc8 42. Nd6+ Kd7 43. Nxb5 Kc6 44. Nc3 Kxb6 45. Ke3 Kc6 46. Ke4 Kd6 47. Kf5 b6 48. Kg4 Kc5 49. Kxh4 Kc4 50. Nd1 b5 51. g4 Kd5 52. Nc3+ Kc4 53. Nxb5 Kxb5 54. g5 e4 55. g6 e3 56. Kg3 Kc4 57. g7 1-0

[Event "Belgrade Trophy 23rd"]
[Site "Obrenovac"]
[Date "2010.11.27"]
[Round "4"]
[White "Mrdak, Milomir"]
[Black "Kosic, Ljubisa"]
[Result "1-0"]
[WhiteElo "2061"]
[BlackElo "1946"]
[PlyCount "65"]
[EventDate "2010.11.24"]
[EventType "swiss"]
[EventRounds "9"]
[EventCountry "YUG"]
[SourceTitle "CBM 139 Extra"]
[Source "ChessBase"]
[SourceDate "2011.01.05"]
[SourceVersion "1"]
[SourceVersionDate "2011.01.05"]
[SourceQuality "1"]

1. d4 Nf6 2. Nf3 e6 3. c4 b6 4. g3 Ba6 5. Qa4 Be7 6. Bg2 0-0 7. 0-0 d5 8. Ne5 c6 9. Nc3 Nfd7 10. Nxc6 Nxc6 11. Qxa6 Nxd4 12. cxd5 b5 13. d6 Nc5 14. dxe7 Qxe7 15. Qa5 Rab8 16. Be3 Nc2 17. Rac1 Nxe3 18. fxe3 Qg5 19. Nd1 Nd7 20. Qxa7 Rfd8 21. Qd4 Nf6 22. Qf4 Qh5 23. Bf3 Qg6 24. e4 Nd7 25. e5 Nb6 26. Be4 Qh5 27. g4 Qh4 28. Ne3 Rf8 29. Rc7 f6 30. Ng2 Qh3 31. Rf3 fxe5 32. Rxg7+ Kxg7 33. Qg5+ 1-0

[Event "Belgrade Trophy 23rd"]
[Site "Obrenovac"]
[Date "2010.11.24"]
[Round "1"]
[White "Kosic, Ljubisa"]
[Black "Panic, Nenad"]
[Result "0-1"]
[WhiteElo "1946"]
[BlackElo "2365"]
[PlyCount "98"]
[EventDate "2010.11.24"]
[EventType "swiss"]
[EventRounds "9"]
[EventCountry "YUG"]
[SourceTitle "CBM 139 Extra"]
[Source "ChessBase"]
[SourceDate "2011.01.05"]
[SourceVersion "1"]
[SourceVersionDate "2011.01.05"]
[SourceQuality "1"]

1. e4 c5 2. Nf3 e6 3. d4 cxd4 4. Nxd4 a6 5. Bd3 Nc6 6. Nb3 Nf6 7. Bg5 h6 8. Bh4 Be7 9. N1d2 b5 10. 0-0 g5 11. Bg3 h5 12. f4 h4 13. Be1 gxf4 14. Rxf4 Ne5 15. Rxh4 Rxh4 16. Bxh4 Nfg4 17. Bxe7 Kxe7 18. Nd4 Qb6 19. N2b3 Bb7 20. h3 Nf6 21. Qe1 Rg8 22. Qe3 Qc7 23. Rf1 Nh5 24. Nf3 Nxd3 25. cxd3 Qg3 26. Qf2 f5 27. Nc5 Ba8 28. exf5 Qxh3 29. fxe6 Nf4 30. Qh4+ Qxh4 31. Nxh4 Nxe6 32. Nxa6 Rg4 33. Nf5+ Kd8 34. g3 Ra4 35. Nb8 Kc7 36. Nxd7 Kxd7 37. a3 Rg4 38. Kf2 Rg8 39. Ne3 Nd4 40. g4 Rh8 41. Kg3 Ne2+ 42. Kf2 Rh2+ 43. Ke1 Nc1 44. g5 Nxd3+ 45. Kd1 Nxb2+ 46. Kc1 Nc4 47. Nc2 Be4 48. Nd4 Ra2 49. Nb3 Rc2+ 0-1

[Event "Valjevo op"]
[Site "Valjevo"]
[Date "2010.11.10"]
[Round "4"]
[White "Kosic, Ljubisa"]
[Black "Colovic, Zoran"]
[Result "1/2-1/2"]
[WhiteElo "1946"]
[BlackElo "2215"]
[PlyCount "117"]
[EventDate "2010.11.08"]
[EventType "swiss"]
[EventRounds "9"]
[EventCountry "YUG"]
[SourceTitle "EXT 2011"]
[Source "ChessBase"]
[SourceDate "2010.11.26"]
[SourceVersion "1"]
[SourceVersionDate "2010.11.26"]
[SourceQuality "1"]

1. e4 c5 2. Nf3 Nc6 3. d4 cxd4 4. Nxd4 Nf6 5. Nc3 e5 6. Ndb5 d6 7. Bg5 a6 8. Na3 b5 9. Nd5 Be7 10. Bxf6 Bxf6 11. c3 Ne7 12. Be2 Nxd5 13. Qxd5 Rb8 14. Nc2 0-0 15. Nb4 Rb6 16. Qd3 Bg5 17. a4 Be6 18. axb5 axb5 19. Nd5 Rb8 20. 0-0 g6 21. Ra6 Kg7 22. Rd1 f5 23. Nb4 Bc4 24. Qc2 Rb6 25. Nc6 Qc7 26. Ra7 Rb7 27. Rxb7 Qxb7 28. Na5 Qc7 29. Nxc4 bxc4 30. exf5 Rxf5 31. Qe4 Rf4 32. Qd5 Qb6 33. Bf3 Qxb2 34. Qb7+ Qxb7 35. Bxb7 Be7 36. Bd5 Rf8 37. Rb1 Rc8 38. Rb5 Rc7 39. Rb7 Rxb7 40. Bxb7 Bd8 41. Bd5 Ba5 42. Bxc4 Bxc3 43. Kf1 Kf6 44. Bd5 Kf5 45. f3 Bd4 46. g3 Kf6 47. Kg2 Ke7 48. Kh3 Kf6 49. Kg2 Kg5 50. Kh3 h5 51. Kg2 h4 52. Be4 hxg3 53. hxg3 Be3 54. Kh3 Kf6 55. Bd5 Ke7 56. Kg4 Kd7 57. f4 Ke7 58. Kg5 Kf8 59. Kxg6 1/2-1/2

[Event "Belgrade op"]
[Site "Belgrade"]
[Date "2009.11.30"]
[Round "7"]
[White "Kosic, Ljubisa"]
[Black "Ilic, Slobodan S"]
[Result "0-1"]
[WhiteElo "1914"]
[BlackElo "2199"]
[PlyCount "68"]
[EventDate "2009.11.24"]
[EventType "swiss"]
[EventRounds "9"]
[EventCountry "YUG"]
[SourceTitle "CBM 133 Extra"]
[Source "ChessBase"]
[SourceDate "2010.01.05"]
[SourceVersion "1"]
[SourceVersionDate "2010.01.05"]
[SourceQuality "1"]

1. e4 c5 2. Nf3 e6 3. d4 cxd4 4. Nxd4 Nf6 5. Nc3 d6 6. Bg5 Be7 7. Qd2 a6 8. 0-0-0 Qc7 9. f4 Nbd7 10. Nf3 b5 11. Bxf6 gxf6 12. Bd3 Bb7 13. Kb1 Nc5 14. Qe3 h5 15. Ne2 0-0-0 16. Ned4 Kb8 17. Rc1 h4 18. Rhe1 Rdg8 19. Qf2 Rg4 20. g3 hxg3 21. hxg3 Rhg8 22. b4 Rxg3 23. bxc5 dxc5 24. Nxb5 axb5 25. Rg1 Qxf4 26. Bxb5 Rxg1 27. Rxg1 Rxg1+ 28. Qxg1 Qxf3 29. Qg8+ Ka7 30. Bd3 Qf4 31. Qxf7 Qd6 32. Kc1 Bc6 33. Kb1 Qd7 34. Kc1 c4 0-1

[Event "Belgrade op"]
[Site "Belgrade"]
[Date "2009.11.28"]
[Round "5"]
[White "Kosic, Ljubisa"]
[Black "Radosevic, Nenad"]
[Result "0-1"]
[WhiteElo "1914"]
[BlackElo "2184"]
[PlyCount "72"]
[EventDate "2009.11.24"]
[EventType "swiss"]
[EventRounds "9"]
[EventCountry "YUG"]
[SourceTitle "CBM 133 Extra"]
[Source "ChessBase"]
[SourceDate "2010.01.05"]
[SourceVersion "1"]
[SourceVersionDate "2010.01.05"]
[SourceQuality "1"]

1. e4 c5 2. Nf3 d6 3. d4 Nc6 4. dxc5 Qa5+ 5. Nc3 Qxc5 6. Be3 Qa5 7. h3 g6 8. Bc4 Bg7 9. Nd4 Nf6 10. 0-0 0-0 11. f4 Qc5 12. Be2 Ng4 13. hxg4 Bxd4 14. Bxd4 Qxd4+ 15. Kh2 Be6 16. Qe1 Rac8 17. Qh4 Qg7 18. Rad1 g5 19. fxg5 Ne5 20. Kg3 Ng6 21. Qh6 Qe5+ 22. Kf2 f6 23. Rh1 fxg5+ 24. Ke1 Nh4 25. Nd5 Qg3+ 26. Kd2 Bxd5 27. Qxg5+ Kh8 28. exd5 Rf2 29. Rde1 Rf5 30. Qxe7 Qf4+ 31. Qe3 Rxc2+ 32. Kxc2 Qxe3 33. Rxh4 Rxd5 34. Kb1 Rd2 35. Reh1 Qe4+ 36. Ka1 Rxe2 0-1

[Event "Belgrade Trophy 21st"]
[Site "Obrenovac"]
[Date "2008.11.29"]
[Round "3"]
[White "Pusonja, Nikola"]
[Black "Kosic, Ljubisa"]
[Result "0-1"]
[WhiteElo "1651"]
[BlackElo "1913"]
[PlyCount "130"]
[EventDate "2008.11.27"]
[EventType "swiss"]
[EventRounds "9"]
[EventCountry "YUG"]
[SourceTitle "CBM 127 Extra"]
[Source "ChessBase"]
[SourceDate "2009.01.08"]
[SourceVersion "2"]
[SourceVersionDate "2009.01.28"]
[SourceQuality "1"]

1. e4 c5 2. c3 Nf6 3. e5 Nd5 4. Bc4 Nb6 5. Bb3 c4 6. Bc2 Nc6 7. Nf3 Qc7 8. Qe2 g6 9. d4 cxd3 10. Bxd3 Nd5 11. Bc4 Nb6 12. Bb3 Bg7 13. Bf4 e6 14. Nbd2 Na5 15. Ne4 0-0 16. Qd2 Nac4 17. Qd4 a5 18. Bxc4 Nxc4 19. b3 Nb6 20. Qd2 Nd5 21. Bh6 f5 22. Bxg7 Kxg7 23. Nd6 Qxc3 24. Rc1 Qb4 25. 0-0 Qxd2 26. Nxd2 Nf4 27. Rc7 Nd5 28. Rc2 b6 29. Rfc1 Ba6 30. g3 g5 31. h4 gxh4 32. gxh4 Kh6 33. Kh2 Nb4 34. Rc7 Nd3 35. Rg1 Nxe5 36. Rg5 Be2 37. f4 Ng4+ 38. Kg3 Nf6 39. Nf3 Bxf3 40. Kxf3 Rad8 41. a4 Nd5 42. Rc2 Ne7 43. Rcg2 Ng6 44. Rh2 Nh8 45. Rhg2 Nf7 46. Nxf7+ Rxf7 47. Ke3 Rc8 48. Kd4 Rc1 49. R2g3 Re1 50. Rg8 Re4+ 51. Kc3 Rxf4 52. Rg1 e5 53. Kd3 Rf3+ 54. Kc4 e4 55. Kd4 d6 56. Kd5 e3 57. Kxd6 Rb7 58. Rf8 Rg7 59. Rh1 Rg6+ 60. Kd5 Kg7 61. Rb8 e2 62. Re1 Re3 63. Rxb6 f4 64. Kd4 Ree6 65. Rb7+ Kf6 0-1